000
00346 a2200169 4500
001
184918
020
_a
85-08-00125-8
040
_c
Magnum
100
_a
Oliveira, José Carlos
240
1
0
_a
Crônicas 7
_l
por
245
1
0
_a
Crônicas 7
300
_a
80
362
0
_a
1994
440
1
_a
Ática
697
_a
LITERATURA JUVENIL
942
_c
BK
999
_c
184918
_d
184918